Cartago: una ciudad, dos leyendas

I tiakina i:
Ngā taipitopito rārangi puna kōrero
Kaituhi matua: González Wagner, Carlos (Author)
Hōputu: Pukapuka
Reo:Pāniora
I whakaputaina: Madrid Aldebarán Ediciones S.A 2000
Putanga:1a. ed
Ngā marau:
Ngā Tūtohu: Tāpirihia he Tūtohu
Kāore He Tūtohu, Me noho koe te mea tuatahi ki te tūtohu i tēnei pūkete!

MARC

LEADER 00000cam a2200000 a 4500
001 UCC8633
003 CL-VaPUC
005 20210922191735.0
008 190802e20000000sp |||||||||||||||||spa|d
020 |a 8495414074 
040 |c Pontificia Universidad Católica de Valparaíso 
082 0 4 |a 939.73  |b GON  |2 21 
100 0 |a González Wagner, Carlos  |e author  |9 603336 
245 1 0 |a Cartago: una ciudad, dos leyendas 
250 |a 1a. ed 
260 |a Madrid  |b Aldebarán Ediciones S.A  |c 2000 
300 |a 261 p 
583 |a last modification  |c 20190802 10:24:00  |k Rodrigo Vera 
650 0 |a Historia antigua  |9 267521 
651 0 |a Cartago  |9 320485 
942 |c BK 
945 |d 20190802 10:24:00  |a dcastane 
999 |c 374903  |d 374901 
952 |0 0  |1 0  |3 erb  |4 0  |6 939_730000000000000_GON_2000  |7 0  |8 A  |9 493671  |a BIBHIS  |b BIBHIS  |i 5556708  |o 939.73 GON 2000  |p 5556708  |r 2025-01-20  |w 2019-11-24  |y BK  |z Catalogado en:20190802  |k HIS